000 00530nam a2200181Ia 4500
005 20250508160922.0
008 008 250505s9999 xx 000 0 eng d
037 _aReference
040 _aFEDL
_beng
_cFEDL
041 _aeng
_2eng
084 _a425, MAC
_qFEDL
100 _aMackin Ronald
245 0 _aExercises in english patterns and usage: 5 forms of words: Derivation
260 _aLondon, UK
_bOxford University Press
_c1969
300 _aiv,59p.
942 _cREF
_h425, MAC
999 _c1367397
_d1367397